000 00575aam a2200217 4500
005 20260114111423.0
008 150608b1998 xxu||||| |||| 00| 0 spa d
020 _a9977649936
041 _aESP
082 _a363.739.2 A385c
100 _aAlfaro, María del Rosario
_923598
245 _aContaminación del aire: emisiones vehiculares, situación actual y alternativas
260 _aCosta Rica
260 _bEUNED
260 _c1998
300 _a25 páginas
490 _aTurismo
650 _aCONTAMINACIÓN DEL AIRE
650 _aCOSTA RICA
942 _cBK
_2ddc
999 _c2686
_d2686